Scripta Judaica Cracoviensia studia z historii, kultury i religii Żydów = Studies in Jewish history, culture and religion.
| Corporate Author: | |
|---|---|
| Format: | Electronic Journal |
| Language: | English French German |
| Published: |
Kraków :
Jagiellonian University Press,
2002-
|
| Subjects: | |
| Online Access: | Full text available from Research Library: 01/01/2011 to present |
MARC
| LEADER | 00000nas a2200000 a 4500 | ||
|---|---|---|---|
| 001 | ssj0000571614 | ||
| 003 | WaSeSS | ||
| 005 | 20200512172242.0 | ||
| 006 | m d | ||
| 007 | cr n | ||
| 008 | 030806c20029999pl ar p s 0 0eng c | ||
| 010 | |a 2003234631 | ||
| 016 | 7 | |a 012445053 |2 Uk | |
| 035 | |a (WaSeSS)ssj0000571614 | ||
| 040 | |a HLS |b eng |c HLS |d OCLCQ |d DLC |d CLU |d MBB |d UKMGB |d OCLCQ |d OCLCF |d OCLCO |d OCLCQ |d J9U |d WaSeSS | ||
| 041 | 0 | |a eng |a fre |a ger | |
| 042 | |a pcc | ||
| 050 | 0 | 0 | |a BM70 |b .S28 |
| 050 | 1 | 4 | |a DS101 |b .S375 |
| 060 | 4 | |a 015010963a | |
| 245 | 0 | 0 | |a Scripta Judaica Cracoviensia |h [electronic resource] : |b studia z historii, kultury i religii Żydów = Studies in Jewish history, culture and religion. |
| 246 | 3 | 1 | |a Studies in Jewish history, culture, and religion |
| 246 | 3 | 0 | |a Studia z historii, kultury i religii Żydów |
| 260 | |a Kraków : |b Jagiellonian University Press, |c 2002- | ||
| 310 | |a Annual | ||
| 362 | 0 | |a Vol. 1- | |
| 506 | |a License restrictions may limit access. | ||
| 546 | |a English, French, and German. | ||
| 600 | 0 | 4 | |a Glueckel, |c of Hameln, |d 1646-1724. |
| 650 | 0 | |a Jews |x Study and teaching |v Periodicals. | |
| 650 | 0 | |a Judaism |v Periodicals. | |
| 650 | 0 | |a Jews |x History |v Periodicals. | |
| 650 | 7 | |a Jews. |2 fast |0 (OCoLC)fst00983135 | |
| 650 | 7 | |a Jews |x Study and teaching. |2 fast |0 (OCoLC)fst00983377 | |
| 650 | 7 | |a Judaism. |2 fast |0 (OCoLC)fst00984280 | |
| 655 | 0 | |a Electronic journals. | |
| 710 | 2 | |a Uniwersytet Jagielloński. |b Katedra Judaistyki. | |
| 850 | |a DLC | ||
| 856 | 4 | 0 | |z Full text available from Research Library: 01/01/2011 to present |u https://search.proquest.com/publication/1356355 |